UBT Library

Regional conflict and national policy / (Record no. 40429)

000 -LEADER
fixed length control field 00669cam a2200241 a 4500
001 - CONTROL NUMBER
control field 4225168
005 - DATE AND TIME OF LATEST TRANSACTION
control field 20180117042847.0
008 - FIXED-LENGTH DATA ELEMENTS--GENERAL INFORMATION
fixed length control field 820811s1982 dcua b 001 0 eng
010 ## - LIBRARY OF CONGRESS CONTROL NUMBER
LC control number 82047983
020 ## - INTERNATIONAL STANDARD BOOK NUMBER
International Standard Book Number 0801829186 :
Terms of availability $18.00
020 ## - INTERNATIONAL STANDARD BOOK NUMBER
International Standard Book Number 0801829194 (pbk.) :
Terms of availability $6.95
040 ## - CATALOGING SOURCE
Original cataloging agency DLC
Transcribing agency DLC
Modifying agency DLC
041 ## - LANGUAGE CODE
Language code of text/sound track or separate title eng
043 ## - GEOGRAPHIC AREA CODE
Geographic area code n-us---
080 ## - UNIVERSAL DECIMAL CLASSIFICATION NUMBER
Universal Decimal Classification number 333.70973 PRI
082 00 - DEWEY DECIMAL CLASSIFICATION NUMBER
Classification number 333.70973 PRI
Edition number 19
100 ## - Rafti
Rafti 19
101 ## - Shkurtesa
Shkurtesa POL
245 00 - TITLE STATEMENT
Title Regional conflict and national policy /
Statement of responsibility, etc edited by Kent A. Price.
504 ## - BIBLIOGRAPHY, ETC. NOTE
Bibliography, etc Includes bibliographical references and index.
906 ## - LOCAL DATA ELEMENT F, LDF (RLIN)
a 7
b cbc
c orignew
d 1
e ocip
f 19
g y-gencatlg
942 ## - ADDED ENTRY ELEMENTS (KOHA)
Source of classification or shelving scheme
Item type Books
Holdings
Withdrawn status Lost status Source of classification or shelving scheme Damaged status Not for loan Collection code Permanent location Current location Shelving location Date acquired Total Checkouts Full call number Barcode Date last seen Price effective from Koha item type
          Koleksioni i përgjithshem UBT - Lipjan UBT - Lipjan Koleksioni i përgjithshem 01/17/2018   333.70973 PRI 002-2995625 01/17/2018 01/17/2018 Books
UBT Library © 2015-2024. All rights reserved University Education for Business and Technology